• 首页
  • 本馆介绍
  • 公告通知
  • 最新文献
  • 馆藏检索
  • 电子资源
  • 读者导购
  • 参考咨询
  • 我的图书馆
  • 登录
  • 详细信息显示
  • 放入我的书架
  • 预约/预借图书
  • 作者相关作品
  • 分类相关作品
  • 丛书相关作品
  • 出版社相关作品

书目信息

  • 表格格式
  • 工作单格式
  • 卡片格式
题名:
每天学点销售心理学大全集
    
 
作者: 谭慧 编著
分册:  
出版信息: 北京   中国华侨出版社  2011
页数: 12,346页
开本: 29cm
丛书名:
单 册:
中图分类: F713.55
科图分类:
主题词: 销售--商业心理学--通俗读物 , 销售 , 商业心理学
电子资源:
ISBN: 978-7-5113-1717-9
000 00884nam0 2200253 45
001 012001002217
005 20140926114739.0
010    @a978-7-5113-1717-9@dCNY59.80
100    @a20111224d2011 em y0chiy50 ea
101 0  @achi
102    @aCN@b110000
105    @ay z 000yy
106    @ar
200 1  @a每天学点销售心理学大全集@9mei tian xue dian xiao shou xin li xue da quan ji@e超值白金版@f谭慧编著
210    @a北京@c中国华侨出版社@d2011
215    @a12,346页@d29cm
330    @a从消费者的心理分析、如何抓住消费者的心理需求、销售中的心理策略、销售员的自我心理修炼等方面深入浅出地对销售心理学作了缜密的逻辑分析和介绍,并汇集了大量相关的销售实战案例。
606 0  @a销售@x商业心理学@j通俗读物
606 0  @a销售
606 0  @a商业心理学
690    @aF713.55@v4
701  0 @a谭慧@9tan hui@4编著
801  0 @aCN@b上海新华@c20180901
905    @b1152832-6@dF713.55@e1052@f5
    
    每天学点销售心理学大全集:超值白金版/谭慧编著.-北京:中国华侨出版社,2011
    12,346页;29cm
    
    
    ISBN 978-7-5113-1717-9:CNY59.80
    从消费者的心理分析、如何抓住消费者的心理需求、销售中的心理策略、销售员的自我心理修炼等方面深入浅出地对销售心理学作了缜密的逻辑分析和介绍,并汇集了大量相关的销售实战案例。
●
相关链接 在E读中查询图书 在五车中查询图书 在当当中查询图书 在豆瓣中查询图书


正题名:每天学点销售心理学大全集     索取号:F713.55/1052         预约/预借

序号 登录号 条形码 馆藏地/架位号 状态 备注
1 1152832   211528328   第一样本阅览室/ [索取号:F713.55/1052] 在馆    
2 1152833   211528337   第一借阅区/ [索取号:F713.55/1052] 在馆    
3 1152834   211528346   密集书库-资源管理系/ [索取号:F713.55/1052] 在馆    
4 1152835   211528355   第一借阅区/ [索取号:F713.55/1052] 在馆    
5 1152836   211528364   第一借阅区/ [索取号:F713.55/1052] 在馆    
唐山师范学院图书馆 欢迎您!
大连网信软件有限公司© 版权所有